000 00505cam a22001931 4500
001 he 68001437
003 DLC
005 20260227111458.0
008 841205s1967 is 000 0 heb
010 _ahe 68001437
035 _a(OCoLC)19177201
040 _aDLC
_cMH
_dCU
_dDLC
042 _apremarc
050 0 0 _aPJ5054.T788
_bB5
100 1 _aTsemaḥ, Helenah.
245 1 0 _aBirkat boḳer :
_bshirim.
260 _a[Tel Aviv] :
_bMaḥbarot le-sifrut,
_c[1967 or 1968]
300 _a52 p. ;
_c18 cm.
999 _c33304
_d33304